00269nam a22000977a 4500003000400000082001900004100005400023245002200077260006400099300000800163SGT a891.4309bV09G aगुप्त, संजीव कुमार  aवह दिन  bएलिगेंट अप्लाएसेज़ c2009 a140